[Event "Rubinstein Memorial 36th"]
[Site "Polanica Zdroj"]
[Date "1999.08.19"]
[Round "3"]
[White "Khenkin, Igor"]
[Black "Markowski, Tomasz"]
[Result "1-0"]
[WhiteElo "2633"]
[BlackElo "2557"]
[Annotator "Tsesarsky,I"]
[PlyCount "50"]
[EventDate "1999.08.17"]
[EventType "tourn"]
[EventRounds "9"]
[EventCountry "POL"]
[EventCategory "15"]
[SourceTitle "CBM 073"]
[Source "ChessBase"]
[SourceDate "1999.12.01"]
[SourceVersion "1"]
[SourceVersionDate "1999.12.01"]
[SourceQuality "1"]

{[%mdl 8192]} 1. d4 d5 2. c4 e6 3. Nf3 c6 4. Qc2 Bd6 $6 $14 {This move is not
the best, not in spirit of this variation.} 5. Bg5 (5. g3 $144 f5 6. Bf4 (6.
Bg2 Ne7 7. Bf4 Bxf4 8. gxf4 O-O 9. e3 $14 {Gheorghiu,F-Skembris,S/Dubai olm
1986/1-0 (71)}) 6... Bxf4 7. gxf4 Nf6 8. e3 O-O 9. Nc3 Nbd7 (9... Ne4 10. Nxe4
fxe4 11. Ne5 Nd7 12. Nxd7 Bxd7 13. O-O-O $14 (13. h4 $6 c5 $1 {Raetsky,
A-Apicella,M/Open, Cappelle la Grande FRA 1998/0-1 (67)})) 10. Bd3 $14 {
1/2-1/2 Salov,V-Onischuk,A/Elista 1998/CBM 65/ (34)}) (5. Nc3 $144 f5 6. Bg5
Ne7 7. e3 O-O 8. Bd3 Kh8 9. O-O $14 {1-0 Ikonnikov,V-Apicella,M/Paris 1998 (50)
}) 5... f6 (5... Ne7 6. e3 Nd7 7. Bd3 (7. Nc3 h6 8. Bh4 dxc4 9. Bxc4 O-O 10.
O-O-O $14 {1-0 Magerramov,E-Zaitseva,L/Moscow Alekhine 1992 (19)}) 7... dxc4 8.
Bxc4 Qc7 9. Bh4 Ng6 10. Bg3 O-O 11. Nc3 $14 {1-0 Sherbakov,R-Sokolov,A/
Novgorod RUS 1997 (52)}) (5... Nf6 6. Nbd2 h6 7. Bh4 $14 (7. Bxf6 Qxf6 8. e4
dxe4 9. Nxe4 Bb4+ 10. Kd1 Qd8 11. c5 O-O 12. h3 Ba5 13. Bc4 Bc7 14. Ke2 a5 15.
g4 Nd7 16. g5 $40 {1-0 Kouatly,B-Guseinov,A/Doha 1993 (31)})) 6. Bh4 Nh6 $146 (
6... Ne7 7. Bg3 (7. e4 dxe4 8. Qxe4 g5 9. Bg3 f5 10. Qe2 f4 $19 {[%cal Ge8d7]})
(7. e3 Na6 (7... Qa5+ 8. Nbd2 c5 9. Bg3 Bxg3 10. hxg3 cxd4 11. Nxd4 $14 {
1-0 Teske,H-Kiesekamp,M/Meisdorf op 1996/EXT 96op2 (29)}) (7... Nd7 8. Nc3 Qa5
9. Bd3 e5 10. Bg3 Bb8 11. cxd5 cxd5 12. dxe5 fxe5 13. Bb5 (13. Ng5 e4 14. Bb5
a6 $132 {1/2-1/2 Bator,R-Gleizerov,E/Koszalin POL 1999 (23)}) 13... e4 14. Ne5
$14) 8. Nc3 O-O 9. a3 b6 10. Bd3 h6 11. O-O $14 {1/2-1/2 Schmidt,P-Knaak,R/BL
1995 (41)}) 7... Nf5 (7... Bb4+ 8. Nbd2 Nf5 9. e3 (9. a3 Bxd2+ 10. Qxd2 dxc4
11. Bxb8 Rxb8 12. e4 Nd6 13. e5 fxe5 14. dxe5 Nf7 15. Qxd8+ Kxd8 16. Bxc4 $14 {
1/2-1/2 Fominyh,A-Totsky,L/RUS-chT Kazan 1-6 ,CBM 1995 (41)}) 9... Nxg3 10.
hxg3 f5 11. Bd3 Nd7 12. O-O-O Nf6 13. cxd5 Bxd2+ 14. Qxd2 exd5 15. Ne5 $14 {
1-0 Janjuk,V-Moroz,A/Sumperk ,EXT 1990 (29)}) (7... f5 8. e3 Bxg3 9. hxg3 Nd7
10. Nbd2 Ng6 11. cxd5 cxd5 12. g4 $16 {1/2-1/2 Razuvaev,Y-Pavasovic,D/Bern op 
(4) 1995 (24)}) (7... c5 $5 8. dxc5 Bxc5 9. cxd5 Qa5+ 10. Nbd2 exd5 11. e3 $14
(11. e4 Nbc6 12. exd5 Nb4 13. Qc4 Bd7 14. Be2 $132 {1-0 Dreev,A-Grischuk,A/
Ubeda ESP 1999 (31)} (14. d6 Nf5 (14... Bf5 15. Rc1 $18) 15. Qe4+ Kf8 16. Nc4 (
16. Nb3 Qb6 17. Nxc5 Qxc5 18. Qc4 Nc2+ $17) 16... Qa4 17. b3 Qc6 18. Qxc6 Bxc6
$44 {[%csl Ra2,Rc2]}))) 8. Bxd6 (8. e4 dxe4 9. Qxe4 Qb6 10. b3 (10. Bxd6 $4
Qxb2 $1 (10... Nxd6 $4 11. Qc2 Nf5 12. Qc3 $14 {1-0 Ivanov,S-Moroz,A/
Lubniewice 1994/Inf 62/[Ivanov,Se] (39)}) 11. c5 (11. Ba3 Qxa1 12. g4 Ne7 13.
Qc2 e5 $19) 11... Qxa1 12. Bc4 Nxd6 13. cxd6 O-O 14. O-O Qb2 15. Bxe6+ Bxe6 16.
Qxe6+ Kh8 $17) 10... Bb4+ 11. Nbd2 Bc3 12. O-O-O Nxd4 13. Nb1 Nxf3 14. Nxc3 Ng5
15. Qe1 $44) 8... Nxd6 9. Nbd2 (9. e3 f5 10. Nbd2 $14) 9... f5 10. g3 Nd7 11.
Bg2 O-O 12. O-O Nf6 13. Ne5 $14 {0-1 Bany,J-Moroz,A/POL teams Bydgoszcz ,EXT
1990 (37)}) 7. e3 $14 Nf5 (7... Na6 8. Nc3 $14) 8. Bg3 Nxg3 9. hxg3 f5 10. Nc3
O-O $2 $16 {[%csl Rh7][%cal Gc2h7]} (10... Nd7 $2 11. g4 Nf6 (11... fxg4 12.
Rxh7 $1 Rxh7 13. Qg6+ $1 (13. Qxh7 gxf3 $17) 13... Kf8 (13... Ke7 14. Ng5 Qg8
15. Nxh7 e5 16. cxd5 cxd5 (16... exd4 17. dxc6 (17. Qg5+ Ke8 18. Bd3 Be7 19.
Qh5+ Kd8 20. exd4 $18) 17... bxc6 (17... dxc3 18. Qg5+ Nf6 (18... Ke8 19. cxd7+
$18) 19. Nxf6 $18) 18. Rd1 $18) 17. Rd1 $16) 14. Ng5 $1 $16 {[%csl Rf7,Rh7]})
12. gxf5 exf5 13. Nh4 f4 (13... Bb4 14. Nxf5 Bxf5 15. Qxf5 Qa5 16. Qc2 Ne4 17.
Rc1 Qxa2 18. cxd5 cxd5 19. Bb5+ Kf7 20. O-O (20. Bd3 Bxc3+ 21. bxc3 Qxc2 22.
Rxc2 Nf6 (22... Nd6 23. Rh5 $16) 23. c4 dxc4 24. Bxc4+ Ke7 25. e4 Rad8 (25...
Rhd8 26. e5 $16) 26. e5 Nd5 27. Bxd5 (27. Kd2 Nb4 28. Rb2 a5 29. Kc3 Rd7 30.
Rh4 $132) 27... Rxd5 28. Rc7+ Ke6 29. Rh4 Rhd8 30. Rxb7 Rxd4 31. Rxd4 Rxd4 32.
Rxg7 a5 33. Rxh7 a4 34. Ra7 Kxe5 35. Ke2 $16) 20... Bxc3 21. bxc3 Qxc2 22. Rxc2
$14) 14. c5 Bc7 15. Ng6 Rg8 16. Nxf4 $16) (10... g6 $1 $14 {[%cal Yc2h7]}) 11.
g4 Qa5 (11... Na6 12. gxf5 Rxf5 13. a3 (13. c5 Bc7 (13... Bf8 14. Bxa6 bxa6 15.
Ne5 $18 {[%csl Rc6,Rh7][%cal Gg2g4]}) 14. Bxa6 bxa6 15. Ne5 Bxe5 16. g4 Bf6 17.
gxf5 exf5 18. O-O-O $16) 13... Qa5 14. Rc1 $16) 12. gxf5 exf5 13. Qb3 $1 Bb4 $8
(13... Qb4 14. cxd5 Qxb3 15. axb3 cxd5 16. Nxd5 $18) (13... dxc4 14. Bxc4+ Kh8
15. Ng5 h6 16. Nf7+ $18) 14. g4 $2 $132 {Not necessary move.} (14. Bd3 $1 $16 {
Strongly and simply!}) (14. Ne5 Nd7 15. Nd3 Bxc3+ 16. bxc3 Nf6 17. cxd5 cxd5
18. Nf4 (18. Qb4 Qxb4 19. cxb4 Bd7 20. Ne5 Rac8 21. Bd3 Be6 22. Ke2 Ne4 23. a3
(23. Bxe4 dxe4 24. Rhc1 g5 25. Kd2 Kg7 26. a4 h5 27. Rxc8 Rxc8 28. Rc1 Rxc1 29.
Kxc1 h4 30. Kd2 g4 $15) 23... Rc3 24. Rhc1 Rfc8 25. Rxc3 Rxc3 26. f3 Nd6 27.
Kd2 Rc8 28. Rc1 Rxc1 29. Kxc1 $14) 18... Bd7 19. Qb4 Qxb4 20. cxb4 Rac8 21. Bd3
g5 22. Ne2 Kf7 $11) 14... Bxc3+ (14... fxg4 15. Ne5 Be6 16. Bd3 h6 17. Rg1 Nd7
18. Nxg4 h5 19. Ne5 Nxe5 20. dxe5 Rad8 $132) 15. Qxc3 (15. bxc3 fxg4 16. Ne5
Be6 17. Bd3 h6 18. Rg1 dxc4 19. Bxc4 Bxc4 20. Qxc4+ Qd5 21. Rxg4 Qxc4 22. Nxc4
Nd7 $14) 15... Qxc3+ 16. bxc3 h6 (16... fxg4 17. Ne5 g3 18. f4 Nd7 19. Rg1 Nxe5
20. dxe5 Be6 21. cxd5 cxd5 22. Rxg3 Rac8 23. Kd2 Rc7 $11) 17. Rb1 (17. gxf5
Bxf5 18. Ne5 Nd7 19. Nxd7 Bxd7 20. cxd5 cxd5 21. c4 Be6 22. c5 (22. cxd5 Bxd5
23. Rh5 Bf7 (23... Rad8 24. Rxd5 Rxd5 25. Bc4 Rfd8 26. e4 $18) 24. Rb5 (24. Rc5
Rfc8 25. Rac1 Rxc5 26. Rxc5 Bxa2 27. Bg2 a5 28. Bxb7 Ra7 29. Rc7 Kf8 30. d5 a4
31. Kd2 (31. d6 Be6 $15) 31... a3 32. e4 Bxd5 33. Rc8+ Ke7 34. Bxd5 a2 35. Bxa2
Rxa2+ 36. Ke3 $11) 24... b6 25. a4 $14) 22... b6 $11) 17... b6 (17... fxg4 18.
Ne5 b6 19. cxd5 Bf5 20. Rb2 cxd5 21. c4 Nd7 (21... dxc4 22. Bxc4+ Kh7 23. Bd5
$16) 22. Nxd7 Bxd7 23. cxd5 (23. Bg2 dxc4 24. Bd5+ Kh7 25. Bxa8 Rxa8 $17 {
[%cal Gb6b5]}) 23... Rac8 24. Bg2 Kf7 25. Ke2 (25. e4 Rc4 26. e5 Ke7 27. Ke2
Rxd4 28. Ke3 Rc4 $15) 25... Ke7 26. e4 $14) 18. Ne5 (18. g5 $1 hxg5 (18... f4
$1 19. gxh6 (19. Bg2 fxe3 20. fxe3 Bf5 21. Rb2 Nd7 22. gxh6 Rae8 $14) 19...
fxe3 20. Bg2 gxh6 (20... exf2+ 21. Kxf2 Bf5 22. Rbg1 gxh6 23. cxd5 cxd5 24. Ke3
Nd7 25. Bh3+ Kh7 (25... Kh8 26. Bxf5 $18 {[%cal Gh1h6]}) 26. Ng5+ Kh8 27. Bxf5
Rxf5 28. Rxh6+ Kg7 29. Rh7+ Kf6 30. Rf7+ Kg6 31. Rxd7 Rxg5 32. Rxg5+ Kxg5 33.
Rxd5+ $16) 21. fxe3 $16) 19. Nxg5 f4 20. cxd5 cxd5 (20... fxe3 21. dxc6 exf2+
22. Kd2 $18 {[%csl Gc6,Rg8][%cal Rf1c4]}) 21. Bg2 Bb7 (21... Rf5 22. exf4 Nc6
23. c4 Ne7 24. Rb3 {[%cal Gb3h3]} Bb7 25. Re3 $18 (25. Rbh3 Ng6 $16) 25... Re8
(25... Ng6 26. Bh3 $18) 26. Bh3 $18) 22. Bh3 $1 Re8 (22... Bc8 23. Ne6 Re8 24.
Nc7 $18) 23. Be6+ Kf8 24. Bf7 Rc8 25. Rh8+ Ke7 26. Rxc8 Bxc8 27. Bxd5 $18)
18... Be6 (18... fxg4 $132) 19. cxd5 (19. gxf5 Bxf5 20. Rb2 $14) 19... Bxd5 20.
c4 $4 {This move and some of next moves are inexplicable comedy of mistakes} (
20. Bc4 Bxc4 21. Nxc4 fxg4 22. Ne5 $14) 20... Be4 $6 (20... Bxh1 $19) 21. Rb2
c5 $4 (21... Bxh1 $19) 22. d5 $4 (22. f3 $18) 22... f4 $4 (22... Bxh1 $19) 23.
f3 Bh7 24. e4 Re8 25. Nd3 Nd7 (25... Nd7 26. Be2 (26. Nxf4 Rf8 27. Ne6 Rxf3
$132) 26... Ne5 27. Nxe5 (27. Nxf4 Nxf3+ (27... Rf8 28. Ne6 Nxf3+ 29. Kf2 Nd4+
30. Nxf8 Bxe4 31. Rc1 Rxf8+ 32. Kg3 $16) 28. Bxf3 Rf8 29. Ne6 Rxf3 30. e5 Rc3
31. Rf1 Rxc4 32. Rbf2 Re4+ 33. Kd2 Kh8 $132) 27... Rxe5 28. Kd2 Kf7 29. a4 Rd8
30. Ra1 $16 {[%csl Ra7,Rb6,Yd5,Ye4][%cal Ga4a5]}) 1-0

[Event "Goodricke op 12th"]
[Site "Kolkata"]
[Date "2001.02.10"]
[Round "5"]
[White "Prakash, GB."]
[Black "Sareen, Vishal"]
[Result "1-0"]
[WhiteElo "2453"]
[BlackElo "2343"]
[Annotator "Tsesarsky,I"]
[PlyCount "59"]
[EventDate "2001.02.06"]
[EventType "swiss"]
[EventRounds "11"]
[EventCountry "IND"]
[SourceTitle "CBM 082"]
[Source "ChessBase"]
[SourceDate "2001.05.17"]
[SourceVersion "1"]
[SourceVersionDate "2001.05.17"]
[SourceQuality "1"]

1. d4 d5 2. c4 e6 3. Nf3 c6 4. e3 Bd6 (4... f5 5. Bd3 Bd6 6. O-O Qf6 {-see
detailed commented game 1-0 Golod,V-Delemarre,J/Dieren 1999/CBM 71 ext [Golod,
V](82)}) 5. Bd3 (5. Qc2 {-see commented game 0-1 Kulikov,A-Tregubov,P/Kstovo
1997/CBM 59[Tsesarsky,I] (18)}) 5... Nd7 ({In my opinion, better is} 5... f5 {
[%cal Gg8f6] in order to preserve option to take on d5 by Pe6.}) 6. O-O f5 7.
cxd5 $1 cxd5 {Black had to take by c6 in view of Pf5 insufficient protection:}
(7... exd5 $4 8. Bxf5 $18) 8. b3 $1 {[%cal Gc1a3]} (8. Bd2 Ngf6 9. Qb3 Qb6 10.
Rc1 $14 {1-0 Arbakov,V-Dietze,S/Passau 1996/EXT 2001 (27)}) (8. Nc3 Ngf6 9. Ng5
$2 Bxh2+ $1 (9... Nb8 $2 10. f4 $11 {0-1 Polo,Y-Soste,V/Barranquilla 1999/EXT
2000 (27)})) 8... Qe7 {[%cal Ge7a3] Preventing immediate Ba3, but White has
enough time to prepare that.} (8... Ngf6 9. Ba3 {Dark-squares BB exchange is
to White's favour.} Bxa3 10. Nxa3 a6 11. Nc2 O-O 12. Nce1 b6 13. Rc1 Bb7 14.
Bb1 Rc8 15. Nd3 $14 {1-0 Sydor,A-Piskorz,H/Bydgoszcz 1976/EXT 2001 (23)}) 9.
Bb2 Ngf6 10. Qc1 {[%cal Gb2a3] Now Black can't prevent dark-squares BB
exchange.} b6 11. Ba3 Bb7 12. Bxd6 Qxd6 13. Qb2 ({Worth of attantion also} 13.
Qa3 {but maybe White thought, with QQ is easier to make problems to Black.})
13... O-O 14. Nbd2 Ne4 15. Bb5 (15. Rfc1 $5 $14) 15... Nxd2 (15... Ndf6 16. Ne5
a6 17. Bd3 $14) 16. Qxd2 Nf6 17. Rac1 Rfc8 18. Ne5 a6 (18... Ne4 19. Qb2 $14)
19. Bd3 Rxc1 $6 ({Why not to exchange(or to repel) the most active piece?} 
19... Nd7 $1 20. Nf3 $14) 20. Rxc1 Rc8 21. Rxc8+ Bxc8 22. Qe2 {[%csl Ra6][%cal
Ge2a6]} a5 23. Qc2 Bd7 $6 $16 (23... Bb7 24. Bb5 $14) 24. h3 $1 {[%cal Gg2g4]
Preparing g2-g4 - quite strong plan.} Qb8 (24... Ne4 $6 25. Bb5 $1 Nf6 (25...
Bxb5 26. Qc8+ Qf8 27. Qxe6+ Kh8 28. Nf7+ Kg8 29. Nd6+ Kh8 30. Nxb5 $18) 26.
Bxd7 Nxd7 27. Qc8+ Nf8 28. Qb7 h6 29. Qf7+ Kh7 (29... Kh8 30. Qxf5 $1 $18) 30.
a4 Qb4 31. g4 $22 $16) 25. Ba6 {a little bit strange move.} (25. g4 $142 $16)
25... Kf8 $2 $18 {Meets nice refutation} (25... Qd6 $142 26. Bd3 $16 {[%cal
Gg2g4]}) 26. g4 fxg4 (26... Qd8 27. gxf5 exf5 28. Nxd7+ Qxd7 29. Bc8 $18 {
[%csl Rf5]}) (26... g6 27. g5 $18) 27. Qxh7 $1 Be8 (27... Nxh7 28. Nxd7+ $18) (
27... Qd8 28. Qh8+ Ng8 29. hxg4 $18) 28. Qh8+ Ng8 29. Bd3 $1 {[%cal Gd3h7]}
gxh3 (29... Qd8 30. Bh7 Bf7 31. hxg4 Qh4 32. Ng6+ Bxg6 33. Qxg8+ Ke7 34. Qxg7+
Bf7 35. Bg8 $18) 30. Bh7 1-0

[Event "POL-ch 60th"]
[Site "Warsaw"]
[Date "2003.05.01"]
[Round "10"]
[White "Miton, Kamil"]
[Black "Markowski, Tomasz"]
[Result "0-1"]
[WhiteElo "2545"]
[BlackElo "2587"]
[Annotator "Tsesarsky,I"]
[PlyCount "108"]
[EventDate "2003.04.22"]
[EventType "tourn"]
[EventRounds "13"]
[EventCountry "POL"]
[EventCategory "12"]
[SourceTitle "CBM 095"]
[Source "ChessBase"]
[SourceDate "2003.07.25"]
[SourceVersion "1"]
[SourceVersionDate "2003.07.25"]
[SourceQuality "1"]

1. Nf3 d5 2. c4 e6 3. g3 dxc4 4. Qa4+ c6 5. Qxc4 Nf6 6. Bg2 b5 7. Qc2 Bb7 8.
O-O Nbd7 9. d4 c5 $11 {This opening variation isn't great for White: I really
dont understand why to play it?} 10. a4 b4 11. Bg5 ({In case of} 11. a5 Rc8 {
Black leaves with advantage:} 12. Qd1 (12. dxc5 Bxc5 13. Qd1 O-O 14. Nbd2 Qe7
15. Nb3 Rfd8 16. Qe1 Bd6 17. Nfd4 (17. a6 Bd5 $17 {0-1 Kulikov,A-Najer,E/St
Petersburg 2000/EXT 2001 (28)}) 17... Bxg2 18. Kxg2 Ne5 $17 {0-1 Eriksson,
M-Matros,A/Sweden 2000/EXT 2002 (47)}) 12... Be7 13. b3 O-O 14. Bb2 cxd4 15.
Nxd4 Bxg2 16. Kxg2 Nc5 17. Nd2 Qd7 18. Qb1 Rfd8 19. N4f3 Qb7 $17 {0-1 Olarasu,
G-Ioseliani,N/Warsaw 1999/EXT 2000 (36)}) (11. Nbd2 Rc8 12. dxc5 Bxc5 13. Qd3
O-O 14. Ne1 Nd5 15. Nb3 Be7 16. Nf3 Qc7 17. Bd2 Qd6 (17... Rfd8 $15) 18. Bg5 f6
19. Be3 Rc7 $15 {0-1 Golcman,E-Popov,V/St Petersburg 2002/CBM 89 (34)}) 11...
Rc8 12. Nbd2 (12. dxc5 Bxc5 13. Qd1 (13. Qd3 O-O 14. Nbd2 h6 15. Bxf6 Nxf6 16.
Qxd8 Rfxd8 17. Nb3 Ne4 18. Ne5 (18. e3 Bd5 19. Nxc5 Nxc5 20. Nd4 Bxg2 21. Kxg2
e5 $17 {0-1 Dunsbach,R-Lau,R/Passau 1999/EXT 2000 (27)}) 18... Bd5 19. Nxc5 (
19. Nd3 Be7 20. Rfc1 Bxb3 21. Bxe4 a5 $17 {0-1 Konopka,M-Potkin,V/Pardubice
2001/CBM 83 ext (30)}) 19... Nxc5 20. Rfc1 Bxg2 21. Kxg2 f6 22. Nf3 Nb3 23.
Rxc8 Rxc8 24. Rd1 Rc2 $17 {1/2-1/2 Verat,L-Prie,E/Cannes 1994/EXT 97 (54)})
13... O-O 14. Nbd2 h6 15. Bf4 Nd5 16. Nb3 Nxf4 17. gxf4 Qe7 $17 {0-1 Heinig,
W-Tischbierek,R/Germany 1993/GER-chT (34)}) 12... Be7 (12... cxd4 $143 13. Qd3
Be7 (13... e5 14. Rfc1 a6 15. Qf5 Bxf3 (15... g6 16. Qh3 Rc5 17. Rxc5 Bxc5 18.
Nxe5 Bxg2 19. Kxg2 O-O 20. Nef3 $14) 16. Bxf3 Be7 17. Bxf6 (17. Bb7 $14) 17...
Bxf6 18. Bg4 Ke7 19. Ne4 Rc7 20. Qf3 (20. Nxf6 gxf6 21. Rxc7 Qxc7 22. e3 $132)
20... Qc8 {1/2-1/2 Riemelmoser,F-Kelecevic,N/AUT 2000/EXT 2002 (20)}) 14. Qxd4
Qb6 15. Qxb6 Nxb6 16. a5 Nbd7 17. Rfc1 $11 {1/2-1/2 Gnusarev,P-Leisle,D/
Prokojevsk 1997/EXT 2001 (55)}) 13. dxc5 Nxc5 14. Rfd1 O-O 15. Nb3 Bd5 16. Nxc5
Bxc5 17. Qd3 h6 18. Be3 Qa5 19. Nd4 $6 $15 {Inaccuracy} ({Right was} 19. Bxc5
Qxc5 20. Qb5 $11) 19... Bxg2 (19... Rfd8 20. Qb5 $15) 20. Nb3 $4 $19 {After
this move position of White is lost.} ({Much better was} 20. Kxg2 Rfd8 21. Qb5
Qb6 (21... Qxb5 22. axb5 Rc7 23. Rdc1 Nd5 24. Kf3 Nxe3 25. fxe3 Rb8 $15 {
[%csl Rb2,Rb5,Re2,Re3]}) 22. Qxb6 Bxb6 23. a5 Bc5 $15 {[%cal Gf6d5,Gd8d5]})
20... Be4 21. Nxa5 Bxd3 22. exd3 Bxe3 23. fxe3 Rc2 {[%csl Rb2,Gc2,Rd3,Re3,Rg1]}
24. Nc4 Rd8 25. Rac1 {Other variations aren't better:} (25. a5 Ng4 26. Rdc1
Rxc1+ 27. Rxc1 Rxd3 28. e4 $19) (25. h3 b3 26. a5 Rd5 27. a6 Rg5 28. g4 h5 $19)
25... Rxd3 26. Rxc2 Rxd1+ 27. Kg2 Ne4 28. Ne5 (28. Na5 f5 $19 {[%cal Gg8f7]})
28... f5 29. Nc6 b3 30. Re2 a6 31. Nd4 Nc5 32. a5 Kf7 {White pieces are
passive, and Black easily realizes his advantage.} 33. h3 Kf6 34. g4 f4 35. Nf3
Nd3 36. Kh2 (36. e4 Ne5 37. Nd2 g5 $19) 36... g5 (36... Nc1 $19) 37. exf4 gxf4
38. Nd4 Nc5 39. Nf3 Rd5 40. h4 e5 41. g5+ hxg5 42. hxg5+ Kf5 43. g6 Ne6 44. Rg2
Ng7 45. Nd2 Rd3 46. Kg1 e4 47. Kf1 Rh3 48. Nc4 Rh1+ 49. Rg1 Rxg1+ 50. Kxg1 e3
51. Kg2 Ne6 52. Nxe3+ fxe3 53. Kf3 Kxg6 54. Kxe3 Kf5 0-1

[Event "FIDE-Wch k.o."]
[Site "Moscow"]
[Date "2001.11.29"]
[Round "2.1"]
[White "Zvjaginsev, Vadim"]
[Black "Xu, Jun"]
[Result "1-0"]
[WhiteElo "2640"]
[BlackElo "2654"]
[Annotator "Tsesarsky,I"]
[PlyCount "43"]
[EventDate "2001.11.27"]
[EventType "k.o."]
[EventRounds "7"]
[EventCountry "RUS"]
[SourceTitle "CBM 086"]
[Source "ChessBase"]
[SourceDate "2002.02.05"]
[SourceVersion "1"]
[SourceVersionDate "2002.02.05"]
[SourceQuality "1"]

1. Nf3 d5 2. c4 e6 3. g3 Nf6 4. Bg2 Be7 5. O-O O-O 6. b3 c5 7. Bb2 Nc6 8. cxd5
exd5 9. d4 Ne4 10. dxc5 Bxc5 11. e3 Bg4 12. Nc3 $1 $16 (12. h3 Be6 13. Nc3 Nxc3
14. Bxc3 Qb6 15. Qd2 Rfd8 16. Rfd1 Rac8 17. Qb2 $14 {1-0 Tauber,M-Schnur,G/Bad
Wiessee 1998/EXT 2001 (45)}) (12. Qc2 $6 Rc8 13. a3 Re8 14. b4 Bb6 15. Qd3 Nxf2
$17 {0-1 Nicholson,M-Stalker,A/Hawick 2000/EXT 2001 (24)}) 12... Qa5 $5 $146 (
12... Nxc3 $144 13. Bxc3 Qd7 14. Qd2 Bb6 15. Ne5 Nxe5 16. Bxe5 Rfe8 (16... Rfd8
17. Rac1 Bh3 18. Bxh3 Qxh3 19. Bc7 Rd7 20. Bxb6 axb6 21. Qb4 (21. a4 $16) 21...
h5 22. a4 $16 {1/2-1/2 Wirthensohn,H-Ekstroem,R/Pontresina 2000/CBM 79 no vc 
(27)}) 17. Bd4 $16 {-see detailed commented game  1-0 Zhu Chen-Dautov,R/Bad
Homburg 1998/CBM 66[Tsesarsky,I] (54)}) 13. Nxd5 Rad8 14. Qc2 f5 (14... Nxg3
$144 15. Nf6+ gxf6 16. hxg3 $16 {[%csl Rf6,Rf7,Rg8,Rh7]}) (14... Bxf3 $144 15.
Bxf3 Nd2 16. Qf5 Nxf3+ (16... Nxf1 $4 17. Nf6+ gxf6 18. Qg4+ Kh8 19. Bxf6#) 17.
Qxf3 {[%cal Gd5f6]} Bd4 18. Ne7+ Nxe7 19. Bxd4 $16) 15. Nf4 {[%cal Gf4e6]} Bxf3
$6 $18 {Loses very quickly.} (15... Rf7 $142 16. Rfd1 Rxd1+ 17. Qxd1 Ng5 18. h3
Bxf3 19. Bxf3 Qe1+ 20. Qxe1 (20. Kg2 Nxf3 21. Qxe1 Nxe1+ 22. Rxe1 $16) 20...
Nxf3+ 21. Kf1 Nxe1 22. Kxe1 $16) 16. Bxf3 Nd2 17. Bxc6 bxc6 (17... Nxf1 18.
Qc4+ Kh8 19. Ne6 Rg8 20. Bxb7 $18 {[%csl Rc5,Rf1]}) 18. Rfd1 Rfe8 (18... Bb4
19. a3 $18) 19. a3 Bxe3 20. fxe3 Rxe3 21. b4 Qb6 22. Kg2 1-0